000 00979cab a2200277 4500
001 ABS59353
008 090401t1998 xxu||||| |||| 00| 0 eng d
035 _a(Sirsi) u88455
041 _aeng
100 _aLand, H.
245 _aTraining trust helps aspiring surveyors
260 _c1998
350 _a0
490 _aCSM (Chartered Surveyor Monthly)
_v8(1) September 1998, 52(1)
520 _aReviews the development of N/SVQs in surveying and outlines a plan for a new qualification backed by the Chartered Surveyors Training Trust, a N/SVQ in surveying support, which will be particularly relevant to the RICS technical grade of membership.
650 _aCHARTERED SURVEYORS TRAINING TRUST
650 _aNVQS
650 _aRICS
650 _aSURVEYING EDUCATION
650 _aSURVEYING SUPPORT
650 _aSURVEYING TECHNICIANS
650 _aSVQS
690 _aMANAGEMENT-BUSINESS MANAGEMENT-PROFESSIONAL PRACTICE
942 _n0
948 _c14/09/1998
999 _c55877
_d55877